000 00959nam a2200265 a 4500
001 000024053
005 20200930022658.0
008 110118s1982 ag 000 0 spa d
020 _a9688002658
040 _aDO-SdBNP
_bspa
_cBNPHU
082 _a985
_bP171t
100 1 _aPalma, Ricardo.
_949423
245 1 0 _aTradiciones peruanas /
_cRicardo Palma ; prólogo, selección y notas de Oscar Zorrilla.
260 _aMéxico, D. F. :
_bSEP:
_bUNAM,
_c1982.
300 _a281 p. ;
_c21 cm.
490 1 _aClásicos americanos
_v12
500 _aIncluye referencias bibliográficas y notas al pie de las páginas
650 4 _aLeyendas
_zPerú
_915658
650 4 _aLeyendas peruanas
_915659
700 1 2 _aZorrilla, Oscar,
_epról.
_949424
710 1 _aMéxico. Secretaria de Educación Pública
_949425
710 2 _aUniversidad Nacional Autónoma de México
_942447
830 0 _aClásicos americanos
_n12
_949426
910 _aValidado. Control de calidad MFF
999 _c23548
_d23548